000 00943nam a2200289 i 4500
001 000017345
003 DO-SdBNP
005 20260123072358.0
007 ta
008 100323s2008 dr ac 001 0 spa d
020 _z9789945420210
040 _aDO-SdBNP
_bspa
_cBNPHU
_erda
041 _aspa
082 _aRD860.509
_bA336e
_222
100 1 _aAlbino, Arelis
_eautor
_938006
245 1 0 _aEntrevistas a diez escritores de Santiago y la región /
_cArelis Albino.
264 _aSan Francisco de Macorís, República Dominicana :
_bNacional,
_c2008.
300 _a157 páginas :
_bilustraciones retratos ;
_c22 cm.
336 _ardacontent
_btexto
_2txt
337 _ardamedia
_bsin mediación
_2n
338 _ardacarrier
_bvolumen
_2nc
590 _aInventariado, 2018/LP
650 4 _aAutores dominicanos
_xEntrevistas
_922868
650 0 _aLiteratura dominicana.
_967
910 _aValidado. Control de calidad EMS
942 _2ddc
_cLBS1
999 _c16870
_d16870